000 00497nam a2200181Ia 4500
999 _c29948
_d29948
003 OSt
005 20210104154534.0
008 190216s9999||||xx |||||||||||||| ||und||
020 _a9788171803149
040 _coclc
082 _a910
_bPOT/N
100 _aPottekkat, S K
_92068
245 0 _aNile Diary /
_cS K Pottekkat
260 _bPoorna Publications,
_c2012.
_aKozhikode:
300 _a88p
650 _aYathravivaranam
942 _cBK
_2ddc
_h910
_iPOT/N
_k910
_mPOT/N